| 000 | 00334nam a22001217a 4500 | ||
|---|---|---|---|
| 020 | _a9781856175753 | ||
| 082 |
_a629.1 _bCOO |
||
| 100 |
_aCook, Michael _937441 |
||
| 245 |
_aAerospace Engineering Desk Reference / _cMichael Cook |
||
| 260 |
_aUSA : _bElsevier; _c2009. |
||
| 300 |
_avi, 675p. ' _bHardbinding : _c28cm. |
||
| 942 |
_2ddc _cBK |
||
| 999 |
_c593868 _d593868 |
||